=LDR 00000nam 2200000 4500 =001 INLIS000000000009877 =005 20130612101637 =008 ***********************************Ind** =035 ##$$0010-061300000009877 =041 ##$$a Ind =082 ##$$a 621.381 =090 ##$$a 621.381, Den d =100 ##$$a Denfold, R.A =245 ##$$a Dasar-dasar elektrinika untuk pemula, R.APenfold =260 ##$$a 2002 $b bandung =300 ##$$a vi, 138 hlm, 18 cm =650 ##$$a Elektronika =850 ##$$a NBPNMAT